000 00825nam a22002297a 4500
999 _c4508
_d4508
003 AR-CdUCM
008 190308b ||||| |||| 00| 0 spa d
040 _aMUNICIPALIDAD PROVINCIAL DEL CUSCO
_cBIBLIOTECA MUNICIPAL DEL CUSCO
082 _25ed.
_a742 /
_bC59
100 _aClaudi, Claudio
_914137
245 _aManual de perspectiva /
260 _aBarcelona :
_bGustavo Gili,
_c1953
300 _a86 páginas ;
_bláminas, imágenes.
_c18 cm.
505 _aRepresentación perspectiva de figuras planas -- Representación de figuras de los sólidos -- Representación de figuras según ángulo...
650 _aPerspectiva.
_914138
650 _aFiguras.
_914139
650 _aángulos.
_914140
650 _aPerfiles.
_914141
700 _aRuiz, E. (traductor)
_914142
942 _2ddc
_cLIBROS
945 _awfj
_d2019-03-08